Wind and solar power systems : Design, analysis, and operation
This edition includes two chapters devoted to new and specialized technologies. The third section explores large-scale energy storage technologies, overall electrical system performance, and total plant economy while the final section explores ancillary power systems derived from the sun
Kaydedildi:
| Yazar: | |
|---|---|
| Materyal Türü: | Kitap |
| Dil: | Undetermined |
| Baskı/Yayın Bilgisi: |
Florida
CRC Press
2005
|
| Konular: | |
| Etiketler: |
Etiketle
Etiket eklenmemiş, İlk siz ekleyin!
|
| Thư viện lưu trữ: | Trung tâm Học liệu Trường Đại học Cần Thơ |
|---|
| LEADER | 00937nam a2200217Ia 4500 | ||
|---|---|---|---|
| 001 | CTU_219711 | ||
| 008 | 210402s9999 xx 000 0 und d | ||
| 020 | |c 95 | ||
| 082 | |a 621.31 | ||
| 082 | |b P295 | ||
| 100 | |a Patel, Mukund R. | ||
| 245 | 0 | |a Wind and solar power systems : | |
| 245 | 0 | |b Design, analysis, and operation | |
| 245 | 0 | |c Mukund R. Patel | |
| 260 | |a Florida | ||
| 260 | |b CRC Press | ||
| 260 | |c 2005 | ||
| 520 | |a This edition includes two chapters devoted to new and specialized technologies. The third section explores large-scale energy storage technologies, overall electrical system performance, and total plant economy while the final section explores ancillary power systems derived from the sun | ||
| 650 | |a Trạm năng lượng gió,Wind power plants,Trạm năng lượng mặt trời,Solar power plants | ||
| 904 | |i Nguyên | ||
| 980 | |a Trung tâm Học liệu Trường Đại học Cần Thơ | ||